[Event "Titled Tue 1st Jul Early"]
[Site "chess.com INT"]
[Date "2025.07.01"]
[Round "7"]
[White "Grebeniuk, Semen"]
[Black "Ishvi, Aggarwal"]
[Result "1-0"]
[BlackTitle "WCM"]
[WhiteElo "2324"]
[BlackElo "1954"]
[WhiteFideId "14117509"]
[BlackFideId "25728890"]
[EventDate "2025.07.01"]

1. d4 Nf6 2. Nf3 g6 3. Bg5 Ne4 4. Bf4 d5 5. Nbd2 Bg7 6. e3 Nd7 7. Be2 Ndf6 8.
O-O O-O 9. c4 c5 10. Rc1 cxd4 11. Nxd4 Nxd2 12. Qxd2 Ne4 13. Qc2 e5 14. cxd5
exd4 15. Qxe4 Bf5 16. Qf3 d3 17. Bd1 d2 18. Rc3 Re8 19. Bb3 Be4 20. Qe2 Bxc3 21.
bxc3 Bxd5 22. c4 Be4 23. Rd1 Qd3 24. Qxd3 Bxd3 25. Rxd2 Be4 26. f3 Bc6 27. c5
Rad8 28. Rc2 Kg7 29. Kf2 f6 30. e4 Rd3 31. Bd6 Rd8 32. Bc4 Rd1 33. h4 b6 34. Be2
Ra1 35. Bc7 Rc8 36. cxb6 Ba4 37. b7 Re8 38. Rb2 Rc1 39. b8=Q Rxb8 40. Bxb8 Ra1
41. Bxa7 Bd7 42. Bd4 Kf7 43. Rb7 Ke6 44. Bc4+ 1-0

[Event "Titled Tue 1st Jul Early"]
[Site "chess.com INT"]
[Date "2025.07.01"]
[Round "7"]
[White "Vijayakumar, Rishi"]
[Black "Shapiro, Daniel"]
[Result "1-0"]
[WhiteTitle "FM"]
[BlackTitle "FM"]
[WhiteElo "2333"]
[BlackElo "2284"]
[WhiteFideId "2408953"]
[BlackFideId "2001780"]
[EventDate "2025.07.01"]

1. d4 Nf6 2. c4 e6 3. Nf3 d5 4. Nc3 Bb4 5. cxd5 exd5 6. Bg5 c6 7. e3 O-O 8. Bd3
Nbd7 9. O-O Bd6 10. Nd2 Re8 11. a4 a5 12. Qc2 h6 13. Bh4 Be7 14. Bg3 Nh5 15.
Rae1 Nxg3 16. hxg3 Bf6 17. Nb3 b6 18. e4 dxe4 19. Nxe4 Qc7 20. d5 c5 21. d6 Qa7
22. Bb5 Bd8 23. Nf6+ Nxf6 24. Bxe8 Bf5 25. Qxf5 Qb7 26. Bb5 Rc8 27. Bc4 Rb8 28.
Re2 Qc6 29. Rfe1 Qxa4 30. d7 Qxd7 31. Re8+ 1-0

[Event "Titled Tue 1st Jul Early"]
[Site "chess.com INT"]
[Date "2025.07.01"]
[Round "7"]
[White "Flynn, Jacob"]
[Black "Lee, Qing Aun"]
[Result "1-0"]
[WhiteTitle "CM"]
[BlackTitle "FM"]
[WhiteElo "2275"]
[BlackElo "2280"]
[WhiteFideId "2509393"]
[BlackFideId "5804167"]
[EventDate "2025.07.01"]

1. e4 e6 2. d3 c5 3. Nf3 Nc6 4. g3 g6 5. Bg2 Bg7 6. O-O Nge7 7. Nc3 O-O 8. Re1
d6 9. Bf4 e5 10. Bg5 h6 11. Be3 f5 12. Qc1 Kh7 13. Nh4 f4 14. gxf4 exf4 15. Bxf4
g5 16. Bxg5 hxg5 17. Qxg5 Bh6 18. Qh5 Ne5 19. h3 Be6 20. Nd5 N7g6 21. Nf5 Bxf5
22. exf5 Nh4 23. f6 Nxg2 24. Qf5+ Kh8 25. Kxg2 Qe8 26. Kh1 Qf7 27. c4 Rae8 28.
Rg1 Qh7 29. Qh5 Nxd3 30. Ne7 Nxf2+ 31. Kg2 Rxe7 32. fxe7 Qe4+ 33. Kh2 Qf4+ 34.
Rg3 Rg8 35. Rg1 Ne4 36. Qxh6+ Qxh6 37. Rxg8+ Kh7 38. R1g7+ 1-0

[Event "Titled Tue 1st Jul Early"]
[Site "chess.com INT"]
[Date "2025.07.01"]
[Round "7"]
[White "Khandhadia, Nivaan Rathin"]
[Black "Sayce, Hannah"]
[Result "1-0"]
[WhiteTitle "CM"]
[BlackTitle "WCM"]
[WhiteElo "2112"]
[BlackElo "1877"]
[WhiteFideId "25753274"]
[BlackFideId "3250695"]
[EventDate "2025.07.01"]

1. d4 Nf6 2. c4 e6 3. Nf3 d5 4. Nc3 Bb4 5. cxd5 exd5 6. Bg5 O-O 7. e3 c6 8. Qc2
Nbd7 9. Bd3 h6 10. Bh4 Re8 11. O-O b6 12. a3 Bd6 13. Bg3 Bxg3 14. hxg3 Bb7 15.
Rac1 Rc8 16. b4 Qe7 17. Bf5 c5 18. bxc5 bxc5 19. Bxd7 Nxd7 20. Qb2 Nb6 21. Nd2
cxd4 22. exd4 Ba6 23. Rfe1 Qxe1+ 24. Rxe1 Rxe1+ 25. Kh2 Rce8 26. Nf3 Nc4 27. Qb4
Rc1 28. Nxd5 Kh7 29. Nc7 Re2 30. Nxa6 Rxf2 31. Nc5 Ne3 32. Nh4 Rcc2 33. Qb1 1-0

[Event "Titled Tue 1st Jul Early"]
[Site "chess.com INT"]
[Date "2025.07.01"]
[Round "7"]
[White "Smirnov, Mark"]
[Black "Srihari, L R"]
[Result "0-1"]
[WhiteTitle "FM"]
[BlackTitle "IM"]
[WhiteElo "2352"]
[BlackElo "2482"]
[WhiteFideId "13764594"]
[BlackFideId "46617116"]
[EventDate "2025.07.01"]

1. e4 e5 2. Nf3 Nc6 3. Bb5 a6 4. Ba4 Bc5 5. c3 Nge7 6. O-O Ba7 7. d4 Ng6 8. Be3
O-O 9. Re1 exd4 10. Nxd4 Nxd4 11. cxd4 d5 12. e5 f6 13. Bc2 c6 14. Nd2 fxe5 15.
dxe5 d4 16. Qe2 dxe3 17. fxe3 Nf4 18. Qc4+ Be6 19. Qe4 g6 20. Nf3 Nd5 21. Qb4
Nxb4 22. Be4 Qe7 23. Rad1 Kg7 24. a3 Nd5 25. Nd4 Nxe3 26. Rxe3 Rad8 27. Nxe6+
Qxe6 0-1

[Event "Titled Tue 1st Jul Early"]
[Site "chess.com INT"]
[Date "2025.07.01"]
[Round "7"]
[White "Chiang, Jacob"]
[Black "Goltsev, Dmitry"]
[Result "0-1"]
[BlackTitle "FM"]
[WhiteElo "2032"]
[BlackElo "2182"]
[WhiteFideId "30962331"]
[BlackFideId "24176710"]
[EventDate "2025.07.01"]

1. c4 e5 2. Nc3 Nf6 3. g3 Nc6 4. Bg2 Bc5 5. e3 d6 6. Nge2 O-O 7. d4 exd4 8. exd4
Bb6 9. O-O Re8 10. h3 Bf5 11. Be3 Nb4 12. g4 Bg6 13. Nf4 Be4 14. Nxe4 Nxe4 15.
a3 Nc6 16. Qd3 Nf6 17. g5 Nd7 18. h4 Nf8 19. b4 a6 20. Rae1 Qd7 21. Bh3 Qd8 22.
Nd5 Ba7 23. Nc3 Qe7 24. Bd2 Qd8 25. Be3 Ng6 26. h5 Nh4 27. f4 Rxe3 28. Rxe3 Bxd4
29. b5 axb5 30. cxb5 Bxe3+ 31. Qxe3 Ne7 32. a4 d5 33. Rd1 c6 34. Qd3 Qd6 35. Rf1
Nhf5 36. Re1 g6 37. Re5 Qa3 38. hxg6 hxg6 39. Qd2 Kg7 40. Bf1 Rh8 41. Re2 Qc5+
42. Rf2 Ng3 43. Kg2 Nef5 44. Ne2 Ne4 45. Qb2+ Kg8 46. Ng1 Nxf2 47. Nf3 Ne3+ 48.
Kg1 Rh1+ 49. Kxf2 Nd1+ 50. Kg3 Nxb2 0-1

[Event "Titled Tue 1st Jul Early"]
[Site "chess.com INT"]
[Date "2025.07.01"]
[Round "7"]
[White "Zhou, Yuxu"]
[Black "Povshednyi, Ivan"]
[Result "0-1"]
[WhiteTitle "CM"]
[BlackTitle "FM"]
[WhiteElo "2197"]
[BlackElo "2307"]
[WhiteFideId "8626421"]
[BlackFideId "14190907"]
[EventDate "2025.07.01"]

1. e4 c5 2. Nf3 d6 3. d4 cxd4 4. Nxd4 Nf6 5. Nc3 a6 6. Be3 e5 7. Nb3 Be6 8. f3
Be7 9. Qd2 O-O 10. O-O-O a5 11. Bb5 Na6 12. g4 Nc7 13. g5 Nd7 14. Ba4 b5 15.
Nxb5 Nxb5 16. Bxb5 a4 17. Bxd7 axb3 18. Bxe6 fxe6 19. cxb3 Rxa2 20. Rhf1 Qc8+
21. Qc2 Qa6 22. Kd2 Rc8 23. Qb1 Qa3 24. Ke1 Rxb2 25. Qa1 Qxb3 26. Bd2 Rcc2 27.
Qa8+ Kf7 28. g6+ hxg6 29. f4 Qe3+ 0-1

[Event "Titled Tue 1st Jul Early"]
[Site "chess.com INT"]
[Date "2025.07.01"]
[Round "7"]
[White "Loftgaard, Mikkel Vinh"]
[Black "Alonso Rosell, Alvar"]
[Result "0-1"]
[WhiteTitle "FM"]
[BlackTitle "GM"]
[WhiteElo "2281"]
[BlackElo "2536"]
[WhiteFideId "1468480"]
[BlackFideId "2270544"]
[EventDate "2025.07.01"]

1. e4 c6 2. d4 d5 3. exd5 cxd5 4. c4 Nf6 5. Nc3 Nc6 6. Nf3 a6 7. cxd5 Nxd5 8.
Qb3 Nxc3 9. Bc4 e6 10. Bg5 Qd7 11. bxc3 Na5 12. Ne5 Qc7 13. Qa4+ b5 14. Bxb5+
axb5 15. Qxb5+ Bd7 16. Qd3 Bd6 17. O-O Bxe5 18. dxe5 Qxe5 19. Bh4 Bb5 20. c4
Bxc4 21. Qa3 f6 22. Rfe1 Qd4 23. Bg3 Kf7 24. Rad1 Qa7 25. Rd6 Rhd8 26. Red1 Bd5
27. Rxd8 Rxd8 28. Rc1 Rd7 29. h4 Nc6 30. Qd3 Kg8 31. Rb1 Qxa2 32. Rc1 Qa4 33.
Qe3 Qe4 34. Qxe4 Bxe4 35. f3 Bd5 36. Ra1 Kf7 37. Bf2 Rb7 38. Rb1 Rxb1+ 0-1

[Event "Titled Tue 1st Jul Early"]
[Site "chess.com INT"]
[Date "2025.07.01"]
[Round "7"]
[White "Mohan, Dave"]
[Black "Shinkarev, Mikhailo"]
[Result "0-1"]
[BlackTitle "IM"]
[WhiteElo "2018"]
[BlackElo "2109"]
[WhiteFideId "30909775"]
[BlackFideId "4145348"]
[EventDate "2025.07.01"]

1. d4 Nf6 2. Bg5 Ne4 3. Bf4 d5 4. f3 Nf6 5. e4 dxe4 6. Nc3 exf3 7. Nxf3 e6 8.
Bd3 b6 9. O-O Bb7 10. Kh1 Nbd7 11. Qe2 Be7 12. Ne5 O-O 13. Rad1 Nd5 14. Nxd5
exd5 15. Rf3 g6 16. Rh3 Nxe5 17. Bxe5 Bf6 18. Qe3 Bg5 19. Qg3 Bc8 20. Bxc7 Qe7
21. Bd6 Qd8 22. Bc7 Qe7 23. Bd6 Qd8 24. Bxf8 Bxh3 25. Bd6 Be6 26. Bf4 Bxf4 27.
Qxf4 Rc8 28. Re1 Qc7 29. Qh4 Qd8 30. Qf2 Qg5 31. c3 h5 32. Bc2 Re8 33. Ba4 Re7
34. h3 Bf5 35. Bb3 Rxe1+ 36. Qxe1 Be4 37. Qf2 Kg7 38. Kh2 h4 39. Bd1 f5 40. Bb3
a5 41. Bc2 Qf6 42. Bxe4 fxe4 43. Qxf6+ Kxf6 44. Kg1 Kf5 45. Kf2 Kf4 46. b3 b5
47. a4 bxa4 48. bxa4 e3+ 49. Ke1 Kf5 50. Kf1 Ke4 51. Ke2 g5 52. c4 dxc4 53. d5
Kxd5 54. Kxe3 Ke5 55. Kd2 Kd4 56. Kc2 c3 57. Kc1 Kd3 58. Kd1 c2+ 59. Kc1 Kc3 60.
g4 hxg3 61. h4 g2 62. h5 g1=Q# 0-1

[Event "Titled Tue 1st Jul Early"]
[Site "chess.com INT"]
[Date "2025.07.01"]
[Round "7"]
[White "Mende, Andreas"]
[Black "Fikiet, Alex"]
[Result "0-1"]
[WhiteTitle "CM"]
[WhiteElo "2113"]
[BlackElo "2151"]
[WhiteFideId "4631102"]
[BlackFideId "2052717"]
[EventDate "2025.07.01"]

1. c4 e5 2. g3 Nf6 3. Bg2 d5 4. cxd5 Nxd5 5. Nc3 Ne7 6. Nf3 Nbc6 7. O-O g6 8. d3
Bg7 9. a3 O-O 10. Rb1 h6 11. b4 a6 12. Bd2 Be6 13. Na4 b6 14. Qc1 Kh7 15. Rd1
Rc8 16. b5 axb5 17. Rxb5 Nd4 18. Nxd4 exd4 19. Nb2 Nd5 20. Nc4 c6 21. Rb1 b5 22.
Ba5 Qe7 23. Nb6 Nc3 24. Nxc8 Rxc8 25. Bxc3 dxc3 26. Qc2 Qxa3 27. d4 b4 28. e3 c5
29. Ra1 Qb3 30. Qd3 cxd4 31. exd4 Bf5 32. Qa6 c2 33. Rdc1 Bxd4 34. Ra4 Bb2 0-1

[Event "Titled Tue 1st Jul Early"]
[Site "chess.com INT"]
[Date "2025.07.01"]
[Round "7"]
[White "Danzer, George"]
[Black "Moghaddamian, Afshin"]
[Result "0-1"]
[WhiteTitle "CM"]
[BlackTitle "CM"]
[WhiteElo "2172"]
[BlackElo "2126"]
[WhiteFideId "4659465"]
[BlackFideId "12503886"]
[EventDate "2025.07.01"]

1. e4 c5 2. Nf3 g6 3. c4 Nc6 4. d4 cxd4 5. Nxd4 Nf6 6. Nc3 d6 7. Be2 Nxd4 8.
Qxd4 Bg7 9. O-O O-O 10. Qd3 Be6 11. Nd5 Nd7 12. Rb1 Nc5 13. Qf3 f5 14. Bg5 fxe4
15. Qe3 Bxd5 16. cxd5 a5 17. f3 exf3 18. Bxf3 Bf6 19. Bh6 Rf7 20. Kh1 Qb6 21.
Bg4 Qb4 22. Rf4 Qb5 23. a4 Qd3 24. Qxd3 Nxd3 25. Rc4 Ne5 26. Re4 Nxg4 27. Rxg4
Rc8 28. b4 b6 29. bxa5 bxa5 30. Bd2 Bc3 31. Bxc3 Rxc3 32. h4 Kg7 33. h5 Rc5 34.
hxg6 hxg6 35. Rb5 Rf1+ 36. Kh2 Rxb5 37. axb5 Rb1 38. Re4 Kf6 39. Rf4+ Ke5 40.
Rf7 Rxb5 41. Rxe7+ Kxd5 42. Rg7 a4 43. Rxg6 a3 44. Rg5+ Kc4 45. Rg4+ Kb3 0-1

[Event "Titled Tue 1st Jul Early"]
[Site "chess.com INT"]
[Date "2025.07.01"]
[Round "7"]
[White "Buscar, Michael"]
[Black "Dann, Matthias"]
[Result "0-1"]
[BlackTitle "IM"]
[WhiteElo "2016"]
[BlackElo "2434"]
[WhiteFideId "2603616"]
[BlackFideId "24638056"]
[EventDate "2025.07.01"]

1. d4 Nf6 2. c4 e6 3. Nc3 Bb4 4. e3 b6 5. Nf3 Ne4 6. Qc2 Bb7 7. Bd3 f5 8. O-O
Bxc3 9. bxc3 O-O 10. Ne1 d6 11. f3 Ng5 12. Rb1 Nd7 13. Qe2 Qe7 14. Bd2 Rae8 15.
Nc2 e5 16. c5 dxc5 17. Bc4+ Kh8 18. d5 e4 19. f4 Nf7 20. Bb3 Nd6 21. c4 c6 22.
dxc6 Bxc6 23. Bc3 b5 24. Rfd1 Nb6 25. Be5 Ndxc4 26. Ba1 Na5 27. Qd2 Nb7 28. a4
a6 29. Na3 c4 30. axb5 axb5 31. Nxb5 cxb3 32. Nd4 Bd5 33. Qb2 Na5 34. Qc3 Ra8
35. Bb2 Na4 36. Qd2 Nc4 37. Qe2 Naxb2 38. Rxb2 Nxb2 39. Qxb2 Qa3 40. Qc3 b2 0-1

[Event "Titled Tue 1st Jul Early"]
[Site "chess.com INT"]
[Date "2025.07.01"]
[Round "7"]
[White "Khazhatuly, Alikhan"]
[Black "Nikookar, Mahdi"]
[Result "1-0"]
[WhiteTitle "CM"]
[BlackTitle "FM"]
[WhiteElo "2172"]
[BlackElo "2216"]
[WhiteFideId "13731335"]
[BlackFideId "22552987"]
[EventDate "2025.07.01"]

1. e4 e5 2. Nf3 d6 3. d4 Nd7 4. Nc3 c6 5. Bc4 Be7 6. O-O Ngf6 7. a4 O-O 8. a5
Qc7 9. h3 h6 10. Be3 Re8 11. Qd2 Nf8 12. Rfd1 Nh5 13. Bb3 Ng6 14. dxe5 dxe5 15.
Ne2 Ngf4 16. Nxf4 Nxf4 17. Bxf4 exf4 18. e5 g5 19. Qd3 Kg7 20. a6 b5 21. Bxf7
Kxf7 22. Qh7+ Kf8 23. Qxh6+ Kg8 24. e6 Bd8 25. Qg6+ Kf8 26. Rd7 Qxd7 27. Qf5+
Ke7 28. exd7 Bxd7 29. Qxg5+ Kd6 30. Qxf4+ Kc5 31. Qd4# 1-0

[Event "Titled Tue 1st Jul Early"]
[Site "chess.com INT"]
[Date "2025.07.01"]
[Round "7"]
[White "Aarav Sinha"]
[Black "Shukhman, Anna"]
[Result "1-0"]
[WhiteTitle "FM"]
[BlackTitle "WGM"]
[WhiteElo "2224"]
[BlackElo "2416"]
[WhiteFideId "25674064"]
[BlackFideId "54180058"]
[EventDate "2025.07.01"]

1. d4 d5 2. Bf4 Nf6 3. e3 Bf5 4. c4 e6 5. Qb3 Nc6 6. Nc3 Nb4 7. Rc1 Be7 8. a3
dxc4 9. Qxc4 Nbd5 10. Bg3 O-O 11. Nf3 c6 12. Be2 Ne4 13. Nxe4 Bxe4 14. O-O Bd6
15. Bxd6 Qxd6 16. Ne5 f6 17. Nd3 Bg6 18. Nc5 b6 19. Nb7 Qb8 20. Qxc6 Rf7 21.
Qxe6 Qxb7 22. Bc4 Rd8 23. e4 Nf4 24. Qg4 Qxe4 25. Bxf7+ Bxf7 26. Rfe1 Qxd4 27.
Rcd1 Nd3 28. Qxd4 Rxd4 29. Re3 Bc4 30. Re7 Rf4 31. b3 Bb5 32. a4 Nxf2 33. Rd8+ 1-0

[Event "Titled Tue 1st Jul Early"]
[Site "chess.com INT"]
[Date "2025.07.01"]
[Round "7"]
[White "Tsyhanchuk, Stanislav"]
[Black "Khalafvand, Dorsa Sadat"]
[Result "0-1"]
[WhiteTitle "IM"]
[BlackTitle "WCM"]
[WhiteElo "2273"]
[BlackElo "1985"]
[WhiteFideId "13505130"]
[BlackFideId "36767522"]
[EventDate "2025.07.01"]

1. e4 c6 2. d4 d5 3. e5 Bf5 4. h4 h5 5. c4 e6 6. Nc3 Nd7 7. cxd5 cxd5 8. Bd3
Bxd3 9. Qxd3 Ne7 10. Nf3 Nc6 11. O-O a6 12. Bg5 Be7 13. Rac1 Rc8 14. Ne2 g6 15.
a3 Kf8 16. Nf4 Kg7 17. Bxe7 Nxe7 18. Ng5 Qb6 19. b4 Nf5 20. Rxc8 Rxc8 21. Rd1
Nxh4 22. Qg3 Nf5 23. Qh3 Rh8 24. Qc3 Nf8 25. Qc8 Qc6 26. Qb8 Nh7 27. Ngxe6+ fxe6
28. Qa7 Ng5 29. a4 Rc8 30. b5 axb5 31. axb5 Qxb5 32. Ra1 Qb2 33. Kh2 Rc1 34.
Rxc1 Qxc1 35. Qxb7+ Kh6 36. g3 Qf1 37. Qb2 Nf3# 0-1

[Event "Titled Tue 1st Jul Early"]
[Site "chess.com INT"]
[Date "2025.07.01"]
[Round "7"]
[White "Dambaev, Dashi"]
[Black "Fichter, Fabian"]
[Result "1-0"]
[WhiteTitle "CM"]
[BlackTitle "FM"]
[WhiteElo "2142"]
[BlackElo "2227"]
[WhiteFideId "55628494"]
[BlackFideId "24613258"]
[EventDate "2025.07.01"]

1. d4 d5 2. c4 e6 3. Nf3 Nf6 4. Nc3 c6 5. Bg5 Be7 6. e3 Nbd7 7. Qc2 h6 8. Bh4
dxc4 9. Bxc4 b5 10. Bd3 a6 11. Ne4 Bb7 12. O-O Nxe4 13. Bxe7 Qxe7 14. Bxe4 O-O
15. Rfc1 Rfc8 16. a4 f5 17. Bd3 c5 18. axb5 cxd4 19. Qe2 dxe3 20. Qxe3 axb5 21.
Rxa8 Rxa8 22. Bxf5 Re8 23. Bg6 Rf8 24. Nd4 e5 25. Nxb5 Qf6 26. Bd3 Nb6 27. h3
Nd5 28. Qd2 Nf4 29. Bf1 Qg5 30. Qd7 Nxh3+ 31. Qxh3 1-0

[Event "Titled Tue 1st Jul Early"]
[Site "chess.com INT"]
[Date "2025.07.01"]
[Round "7"]
[White "Erten, Kerem"]
[Black "Zong, Davis"]
[Result "1-0"]
[WhiteTitle "FM"]
[BlackTitle "FM"]
[WhiteElo "2374"]
[BlackElo "2242"]
[WhiteFideId "34588221"]
[BlackFideId "30903955"]
[EventDate "2025.07.01"]

1. e4 e5 2. Nf3 Nc6 3. Nc3 Nf6 4. d4 exd4 5. Nxd4 Bb4 6. Nxc6 bxc6 7. Bd3 O-O 8.
O-O d5 9. exd5 cxd5 10. Bg5 c6 11. Qf3 h6 12. Bf4 Bd6 13. h3 Rb8 14. b3 c5 15.
Rfe1 Bb7 16. Bxd6 Qxd6 17. Rad1 d4 18. Ne4 Nxe4 19. Bxe4 Bxe4 20. Qxe4 Rfe8 21.
Qxe8+ Rxe8 22. Rxe8+ Kh7 23. c3 Qc6 24. Re2 Qa6 25. Rc2 dxc3 26. Rdc1 Kg6 27. a4
f6 28. Rxc3 Qe6 29. Re3 Qd5 30. g3 h5 31. Rc4 f5 32. h4 Kf6 33. Rec3 Qd1+ 34.
Kg2 Qd5+ 35. Kh2 Qd2 36. Rc2 Qd3 37. R4c3 Qd5 38. Rc1 g5 39. hxg5+ Kxg5 40. Rc4
Qd3 41. R1c3 Qd2 42. Rf3 Qd1 43. Kg2 Qd5 44. Rf4 Kg6 45. Rxf5 Qd4 46. Rf6+ Kg5
47. R3f5+ 1-0

[Event "Titled Tue 1st Jul Early"]
[Site "chess.com INT"]
[Date "2025.07.01"]
[Round "7"]
[White "Akshat Sureka"]
[Black "Kim, Sergey"]
[Result "0-1"]
[WhiteTitle "FM"]
[BlackTitle "FM"]
[WhiteElo "2339"]
[BlackElo "2295"]
[WhiteFideId "25774492"]
[BlackFideId "13700570"]
[EventDate "2025.07.01"]

1. c4 Nf6 2. Nc3 g6 3. g3 Bg7 4. Bg2 O-O 5. Nf3 d6 6. O-O e5 7. d3 Re8 8. Rb1 c6
9. b4 d5 10. b5 d4 11. Na4 e4 12. dxe4 Nxe4 13. Bb2 c5 14. Nd2 Nxd2 15. Qxd2 Qe7
16. e3 dxe3 17. Qxe3 Nd7 18. Qxe7 Rxe7 19. Bxg7 Kxg7 20. Rfe1 Kf8 21. Rxe7 Kxe7
22. Re1+ Kd8 23. Bd5 Nb6 24. Nxb6 axb6 25. Bxf7 Rxa2 26. Re8+ Kc7 27. Kg2 Bf5
28. Rh8 h5 29. Bd5 Kd6 30. Rd8+ Ke5 31. Re8+ Kd4 32. Rd8 Kc3 33. Bxb7 Bd3 34.
Bd5 Bxc4 35. Bxc4 Kxc4 36. Rd6 Kxb5 37. Rxg6 c4 38. Rg5+ Kb4 39. Rxh5 c3 40. Rh8
Ra5 41. Re8 c2 42. Re1 Kc3 43. h4 b5 44. h5 b4 45. h6 Rh5 46. Rh1 Rxh1 47. Kxh1
c1=Q+ 0-1

[Event "Titled Tue 1st Jul Early"]
[Site "chess.com INT"]
[Date "2025.07.01"]
[Round "7"]
[White "Gattani, Sarthak"]
[Black "Calvo Gonzalez, Jose Felix"]
[Result "0-1"]
[BlackTitle "CM"]
[WhiteElo "1944"]
[BlackElo "2214"]
[WhiteFideId "30995965"]
[BlackFideId "54505615"]
[EventDate "2025.07.01"]

1. d4 Nf6 2. c4 g6 3. Nc3 d5 4. Nf3 Bg7 5. Qb3 dxc4 6. Qxc4 O-O 7. e4 Na6 8. Be2
c5 9. d5 Rb8 10. a4 Nb4 11. O-O b6 12. Bf4 Ba6 13. Qb3 Bxe2 14. Nxe2 Nxe4 15.
Bxb8 Qxb8 16. Nc3 Nd6 17. Rad1 a5 18. Rfe1 Nf5 19. Nb5 Qc8 20. d6 c4 21. Qa3
exd6 22. Re2 Re8 23. Red2 d5 24. h3 Rd8 25. Nc3 d4 26. Nb5 d3 27. g4 Qc6 28. Ne1
Nd4 29. Nxd4 Bxd4 30. Ng2 Qc5 31. Qa1 Re8 32. Rf1 Re2 33. Qd1 Bxf2+ 34. Rxf2
Qxf2+ 0-1

[Event "Titled Tue 1st Jul Early"]
[Site "chess.com INT"]
[Date "2025.07.01"]
[Round "7"]
[White "Khazan, Yevgeny"]
[Black "Vidruska, Renate"]
[Result "0-1"]
[WhiteTitle "CM"]
[BlackTitle "WFM"]
[WhiteElo "2135"]
[BlackElo "2026"]
[WhiteFideId "2806193"]
[BlackFideId "11601841"]
[EventDate "2025.07.01"]

1. d4 Nf6 2. c4 g6 3. Nc3 Bg7 4. e4 d6 5. Be2 O-O 6. h4 c5 7. d5 h5 8. Nf3 a6 9.
a4 Nbd7 10. Bf4 Ng4 11. Qd2 Nde5 12. Ng1 e6 13. f3 Nf6 14. Bxe5 dxe5 15. Nh3
exd5 16. cxd5 Ne8 17. Ng5 Nd6 18. g4 hxg4 19. fxg4 Bh6 20. Qd3 Bd7 21. a5 b5 22.
axb6 Qxb6 23. Ra2 Bb5 24. Nxb5 axb5 25. Rxa8 Rxa8 26. Kf1 Ra1+ 27. Kg2 Rxh1 28.
Kxh1 c4 29. Qf3 Bxg5 30. hxg5 Qd4 31. Qf6 Qxe4+ 32. Kg1 Qxd5 33. Qd8+ Kh7 34.
Qd7 Qe6 35. Qxe6 fxe6 36. Kf2 Ne4+ 37. Ke3 Nxg5 38. b3 cxb3 39. Bxb5 e4 40. Kd2
Nf3+ 41. Kc3 Kh6 42. Bd7 Nd4 0-1

[Event "Titled Tue 1st Jul Early"]
[Site "chess.com INT"]
[Date "2025.07.01"]
[Round "7"]
[White "Molina, Roberto Junio Brito"]
[Black "Gogolev, Artem"]
[Result "1-0"]
[WhiteTitle "IM"]
[BlackTitle "IM"]
[WhiteElo "2377"]
[BlackElo "2240"]
[WhiteFideId "2109450"]
[BlackFideId "4116615"]
[EventDate "2025.07.01"]

1. d4 Nf6 2. c4 e6 3. Nf3 d5 4. Nc3 Be7 5. Bg5 O-O 6. e3 h6 7. Bh4 b6 8. cxd5
Nxd5 9. Bxe7 Qxe7 10. Nxd5 exd5 11. Qa4 Be6 12. Rc1 c5 13. Qa3 Rc8 14. Bb5 a6
15. O-O Ra7 16. Be2 c4 17. Qc3 b5 18. Qd2 Nd7 19. Ne1 Rac7 20. Nc2 Bf5 21. Nb4
Qd6 22. Bf3 Nf6 23. a3 a5 24. Na2 Be4 25. Bxe4 Nxe4 26. Qxa5 h5 27. f3 Nf6 28.
Qd2 Re8 29. Rfe1 Rce7 30. Nc3 Qd7 31. Re2 h4 32. Rce1 Qb7 33. Qc2 b4 34. axb4
Qxb4 35. Qf5 Qb7 36. h3 Re6 37. Qg5 g6 38. Qxh4 Nh5 39. g4 Nf6 40. Qg3 Kg7 41.
Kg2 Qe7 42. Qf4 1-0

[Event "Titled Tue 1st Jul Early"]
[Site "chess.com INT"]
[Date "2025.07.01"]
[Round "7"]
[White "Arslanov, Shamil"]
[Black "Gabrielian, Artur"]
[Result "1-0"]
[WhiteTitle "IM"]
[BlackTitle "GM"]
[WhiteElo "2410"]
[BlackElo "2407"]
[WhiteFideId "4192826"]
[BlackFideId "4131002"]
[EventDate "2025.07.01"]

1. d4 Nf6 2. f3 d5 3. e4 dxe4 4. Nc3 exf3 5. Nxf3 g6 6. Bc4 Bg7 7. O-O O-O 8.
Qe1 Nc6 9. Qh4 h5 10. h3 Bf5 11. Bg5 Qd6 12. a3 a6 13. Rad1 Bxc2 14. Rd2 Bf5 15.
Bf4 Qd8 16. Ne5 Na5 17. Ba2 c5 18. g4 Be6 19. Bxe6 fxe6 20. Nxg6 Rf7 21. dxc5
Qc8 22. b4 Nc4 23. Rg2 Qd8 24. Ne2 Qd5 25. gxh5 Qxh5 26. Qg3 Rd8 27. Nc3 Rd4 28.
Be3 Nxe3 29. Qxe3 Nd5 30. Nxd5 1-0

[Event "Titled Tue 1st Jul Early"]
[Site "chess.com INT"]
[Date "2025.07.01"]
[Round "7"]
[White "Martin Fuentes, Alberto"]
[Black "Sheehan, Ethan"]
[Result "1/2-1/2"]
[WhiteTitle "FM"]
[WhiteElo "2376"]
[BlackElo "2366"]
[WhiteFideId "2292289"]
[BlackFideId "30943965"]
[EventDate "2025.07.01"]

1. e4 e5 2. Nf3 Nc6 3. d4 exd4 4. Bc4 Nf6 5. O-O Nxe4 6. Re1 d5 7. Bxd5 Qxd5 8.
Nc3 Qd7 9. Rxe4+ Be7 10. Nxd4 f5 11. Rf4 O-O 12. Nxc6 Qxc6 13. Qd5+ Qxd5 14.
Nxd5 Bd6 15. Rd4 Be6 16. Bf4 Rad8 17. Rad1 Bxf4 18. Nxf4 Rxd4 19. Rxd4 Bxa2 20.
Ra4 Rd8 21. h4 Bb1 22. Rxa7 Rd1+ 23. Kh2 Rd2 24. Kg3 Rxc2 25. Rxb7 Ba2 26. f3
Kf7 27. b3 Ke7 28. Nh5 g6 29. Nf4 Kd6 30. b4 Bc4 31. Rb8 Rb2 32. Rh8 Rxb4 33.
Rxh7 c5 34. Nxg6 Bf1 35. Nf4 c4 36. Rh6+ Kc5 37. Kf2 c3 38. Kxf1 Rxf4 39. Ke2
Rd4 40. Rh8 Kc4 41. h5 c2 42. Rc8+ Kb3 43. h6 Rh4 44. Rb8+ Kc3 45. Rc8+ Kb3 46.
Kd2 Rd4+ 47. Ke2 Rh4 1/2-1/2

[Event "Titled Tue 1st Jul Early"]
[Site "chess.com INT"]
[Date "2025.07.01"]
[Round "7"]
[White "Munoz, Francisco Javier"]
[Black "Deac, Bogdan-Daniel"]
[Result "1-0"]
[WhiteTitle "FM"]
[BlackTitle "GM"]
[WhiteElo "2389"]
[BlackElo "2674"]
[WhiteFideId "128368"]
[BlackFideId "1226380"]
[EventDate "2025.07.01"]

1. e4 c5 2. Nc3 e6 3. g3 Nc6 4. Bg2 Nf6 5. f4 d5 6. e5 Ng8 7. Nf3 h5 8. h3 Nh6
9. O-O Nf5 10. Ne2 c4 11. d4 cxd3 12. cxd3 b6 13. Kh2 Be7 14. Rf2 Qd7 15. d4 b5
16. Nc3 b4 17. Na4 Ba6 18. b3 Bb5 19. Nc5 Bxc5 20. dxc5 a5 21. a4 bxa3 22. Bxa3
Ne3 23. Qd2 Nxg2 24. Kxg2 d4 25. Ng5 Qd5+ 26. Kh2 d3 27. Re1 O-O 28. Qd1 g6 29.
Ne4 Kg7 30. Bb2 a4 31. f5 axb3 32. Qd2 Rh8 33. Qg5 Raf8 34. Qf6+ Kh7 35. Ng5+
Kg8 36. fxg6 Nd8 37. gxf7+ Nxf7 38. Qg6# 1-0